| 000 | 00796nam a22002177a 4500 | ||
|---|---|---|---|
| 008 | 090204t xxu||||| |||| 00| 0beng d | ||
| 010 | _aENG-92845 | ||
| 020 |
_c200.00 _a818064104X |
||
| 035 | _aEN-76378 | ||
| 037 | _bDBAD / PUB | ||
| 040 |
_adpl _bEnglish |
||
| 082 | _a921 | ||
| 100 | _aChakravarti, Anirudhalal | ||
| 245 |
_aChanakya: _cby Anirudhalal Chakravarti _bhis life and times:an attempted biography / |
||
| 260 |
_aKolkata _bProgressive Publishers _c2008 |
||
| 270 |
_a37A,. College Street, _bKolkata _e73 |
||
| 300 |
_a106p.: _c20cm (Hb) _bmaps |
||
| 600 |
_aKautalya _vBiography. |
||
| 942 |
_2ddc _cEN _mCHA _h921 |
||
| 999 |
_c23017 _d23017 |
||